Grosser Erdbeschreibung. Ersten Theil, Blatt N. 34-90

Hlavní autor: Büsching, Anton Friedrich, 1724-1793
Další autoři: Albrecht, Ignatz
Jazyk: Němčina
Vydáno: [Troppau : s.n., mezi 1780 a 1800]
Témata:
Externí odkaz: Digitalizovaný dokument
Fyzický popis: [1], 34-90 [=58] listů ; fol.
Knihy
Uloženo v:
LEADER 01579nam a2200361 a 4500
001 mzk03001036195
003 CZ BrMZK
005 20201027214942.0
007 ta
008 060330q17811800xr b fr|||||00| ||gerod
034 1 |a a  |d E0-200000  |e E0450000  |f N0800000  |g N0500000 
040 |a BOA001  |b cze 
072 7 |a 094  |x Staré tisky  |2 Konspekt  |9 12 
080 |a (0.068)094  |2 MRF 
080 |a (084.3)  |2 MRF 
100 1 |a Büsching, Anton Friedrich,  |d 1724-1793  |7 jo2006362186  |4 aut 
245 1 0 |a Grosser Erdbeschreibung.  |n Ersten Theil, Blatt N. 34-90 
246 3 |a Schauplatze der fünf Theile der Welt nach und zu A. F. Büschings Grosser Erdbeschreibung. (Betrift Polen, das russische Reich in Europa, Schweden, Dänemark und Norwegen mit Grönland, Island und Färöer, und Grossbritannien und Ireland, oder dieses Atlasses Landkarten von Nro. 34 bis 92) 
255 |a Měřítka různá :  |c (0-20°00´00" v.d.--045°00´00" v.d./080°00´00" s.š.--050°00´00" s.š.)]. 
260 |a [Troppau :  |b s.n.,  |c mezi 1780 a 1800] 
300 |a [1], 34-90 [=58] listů ;  |c fol. 
500 |a Výzdoba: Zčásti kolorované mapy 
563 |a Původní papírová vazba 
655 7 |a staré tisky  |7 fd422076  |2 czenas 
655 7 |a historické mapy  |7 fd186723  |2 czenas 
700 1 |a Albrecht, Ignatz  |4 ill 
856 4 1 |u http://www.digitalniknihovna.cz/mzk/uuid/uuid:4b9ca367-82db-11e0-bc9f-0050569d679d  |y Digitalizovaný dokument 
910 |a BOA001  |b ST5-0001.221,1 
978 |b S.n.  |a Opava  |c 1780-1800 
984 |a Opava  |b Česko 
985 |a 1751-1800 
990 |a BK 
991 |k mzk  |p ET 2010